Kyŏre mal yongnye sajŏn /

Saved in:
நூற்பட்டியல் விவரங்கள்
தலைமை எழுத்தாளர்: Pak, Yong-su, 1934-
வடிவம்: புத்தகம்
மொழி:Korean
வெளியீடப்பட்டது: Sŏul : Sŏul Taehakkyo Chʻulpʻanbu, 1996.
பதிப்பு:Chʻopʻan.
பகுதிகள்:
குறியீடுகள்: குறிச்சொல் இணை
குறியீடுகள் இல்லை, இந்த குறிச்சொல்லை முதலில் பதிவு செய்யுங்கள்!
LEADER 01056nam a2200301 a 4500
001 007722251-2
005 20024617124222.0
008 970731s1996 ko d f000 0 kor d
010 |a 97457584 /AK 
020 |a 897096942X 
035 0 |a ocm36627885 
040 |a CLSU  |c DLC  |d MH-HY  |d CStRLIN 
042 |a lccopycat 
050 0 0 |a PL935  |b .P365 1996 
100 1 |6 880-01  |a Pak, Yong-su,  |d 1934- 
245 1 0 |6 880-02  |a Kyŏre mal yongnye sajŏn /  |c Pak Yong-su chiŭm ; kamsu Kim Ŭn-jŏn, Pak Kap-su, Kim Tae-haeng. 
250 |6 880-03  |a Chʻopʻan. 
260 |6 880-04  |a Sŏul :  |b Sŏul Taehakkyo Chʻulpʻanbu,  |c 1996. 
300 |a 2294 p. ;  |c 27 cm. 
500 |a Colophon inserted. 
650 0 |a Korean language  |v Dictionaries. 
650 0 |a Korean language  |x Usage  |v Dictionaries. 
880 1 |6 100-01  |a 박용수,  |d 1934- 
880 1 0 |6 245-02  |a 겨레말용례사전 /  |c 박용수지음; 감수김은전,박갑수,김대행. 
880 |6 250-03  |a 초판. 
880 |6 260-04  |a 서울 :  |b 서울대학교출판부,  |c 1996 
988 |a 20021220 
906 |0 OCLC